Social justice and the power of compassion : meaningful involvement of organizations improving the environment and community /

Bibliographic Details
Main Author: Bouvard, Marguerite Guzman, 1937- (Author)
Format: Book
Language:English
Published: Lanham : Rowman & Littlefield, [2016]
Subjects:

MARC

Tag First Indicator Second Indicator Subfields
LEADER 00000cam a2200000 i 4500
001 in00003710169
005 20170926143006.0
008 160311s2016 mdua b 001 0 eng
010 |a  2016005005 
020 |a 9781442266803  |q hardcover  |q alkaline paper 
020 |a 1442266805  |q hardcover  |q alkaline paper 
024 8 |a 40026280921 
035 |a (OCoLC)ocn943646259 
035 |a (OCoLC)943646259 
040 |a DLC  |b eng  |e rda  |c DLC  |d YDX  |d BTCTA  |d OCLCF  |d YDXCP  |d UtOrBLW 
042 |a pcc 
043 |a n-us--- 
049 |a TXAM 
050 0 0 |a HN59.2  |b .B696 2016 
082 0 0 |a 303.30973  |2 23 
100 1 |a Bouvard, Marguerite Guzman,  |d 1937-  |e author.  |0 http://id.loc.gov/authorities/names/n84221650 
245 1 0 |a Social justice and the power of compassion :  |b meaningful involvement of organizations improving the environment and community /  |c Marguerite Guzman Bouvard. 
264 1 |a Lanham :  |b Rowman & Littlefield,  |c [2016] 
300 |a xxviii, 354 pages ;  |c 24 cm 
336 |a text  |b txt  |2 rdacontent 
337 |a unmediated  |b n  |2 rdamedia 
338 |a volume  |b nc  |2 rdacarrier 
504 |a Includes bibliographical references and index. 
505 0 |a David Milarch and the Archangel Ancient Tree Archive -- Adam Seligman and the creation of the Cedar Program -- Dr. James O'Connell and Medical Care for the Homeless -- Sister Lucille MacDonald and the Emmaus Homeless Shelter -- Sam Polk and Groceryships -- Wendy Young and Kids In Need of Defense -- David Crump and Trauma Love -- Jodi Rosenbaum and More Than Words -- Derek Ellerman and the Polaris Project -- Yifat Susskind and MADRE -- Alan Lightman and The Harpswell Foundation -- Vidya Sri and Gangashakti -- Eric L. Adams: racism and criminal justice. 
650 0 |a Social justice  |z United States.  |0 http://id.loc.gov/authorities/subjects/sh2008111778 
650 0 |a Social action  |z United States.  |0 http://id.loc.gov/authorities/subjects/sh2008111776 
650 0 |a Social service  |z United States.  |0 http://id.loc.gov/authorities/subjects/sh90001458 
650 0 |a Community development  |z United States.  |0 http://id.loc.gov/authorities/subjects/sh2008100078 
650 0 |a Nonprofit organizations  |z United States. 
650 7 |a Community development.  |2 fast  |0 (OCoLC)fst00870818 
650 7 |a Nonprofit organizations.  |2 fast  |0 (OCoLC)fst01038875 
650 7 |a Social action.  |2 fast  |0 (OCoLC)fst01122251 
650 7 |a Social justice.  |2 fast  |0 (OCoLC)fst01122603 
650 7 |a Social service.  |2 fast  |0 (OCoLC)fst01123192 
651 7 |a United States.  |2 fast  |0 (OCoLC)fst01204155 
776 0 8 |i Online version:  |a Bouvard, Marguerite Guzman, 1937- author.  |t Social justice and the power of compassion  |d Lanham : Rowman & Littlefield, 2016  |z 9781442266810  |w (DLC) 2016012508 
945 |b 749869 
947 |a A14843440414 
994 |a 92  |b TXA 
948 |a Cataloged  |b h  |c 2016/8/25  |d c  |e AReeder 
999 f f |s bac2891b-a49f-38fc-8d6d-4bf09b05148c  |i be8834fd-84db-3857-b9ae-b2215ce99bc6  |t 0 
952 f f |p normal  |a Texas A&M University  |b College Station  |c Sterling C. Evans Library  |d Evans: Library Stacks  |t 0  |e HN59.2 .B696 2016  |h Library of Congress classification  |i unmediated -- volume  |m A14843440414 
998 f f |a HN59.2 .B696 2016  |t 0  |l Evans: Library Stacks